[Event "45th Olympiad 2024"]
[Site "Budapest HUN"]
[Date "2024.09.16"]
[Round "6.64"]
[Board "2"]
[White "Ayyad, Maher"]
[Black "Giron Chavez, David Emanuel"]
[Result "1-0"]
[WhiteElo "1980"]
[BlackElo "2065"]
[PlyCount "139"]
[EventDate "2024.09.11"]
[WhiteTeam "Bahrain"]
[BlackTeam "Guatemala"]
[WhiteTeamCountry "BHN"]
[BlackTeamCountry "GUA"]

1. d4 {Stern,Rene} Nf6 2. Nf3 e6 3. g3 b6 4. Bg2 Bb7 5. O-O c5 6. c4 cxd4 7. Nxd4 ({RR} 7. Qxd4) 7... Bxg2 8. Kxg2 Qc8 9. b3 Qb7+ 10. Kg1 a6 11. Bb2 Be7 12. Nc3 O-O 13. Qd3 ({RR} 13. Qd2 d6 14. Rac1 Rd8 15. f3 Nc6 16. Nxc6 Qxc6 17. e4 Qb7 18. Qe2 Rab8 19. a4 Nd7 20. Rb1 Bf8 21. Kg2 Rbc8 22. Bc1 Re8 23. Be3 Nc5 24. Rfd1 g6 25. Bd4 Nd7 26. Qf2 Nc5 27. Qe2 Nd7 {½-½ Huebner,R (2604)-Bischoff,K (2561) GER-ch Internet g/5' blitz 2004 (3)}) 13... d6 14. Qf3 $146 ({RR} 14. e4 Nbd7 15. Rfe1 Rfe8 16. Rad1 Bf8 17. Qf3 Rab8 18. Qg2 Qc7 19. h3 Ne5 20. f4 Ng6 21. Kh1 e5 22. fxe5 dxe5 23. Nc2 b5 24. Ne3 Bb4 25. Ncd5 Nxd5 26. Nxd5 Qa5 27. Nxb4 Qxb4 28. cxb5 axb5 {0-1 Han,H (2270)-Gostisa,L (2430) Olympiad-30 Manila 1992 (7.4)}) ({RR} 14. Rfd1 Nbd7 15. Qf3 Qxf3 16. Nxf3 Nc5 17. Nd4 Rfc8 18. f3 Nfd7 19. e4 Ne5 20. Kg2 b5 21. cxb5 Ncd3 22. Nc6 Bf6 23. Ba3 Nxc6 24. Rxd3 axb5 25. Bb2 Nb4 26. Rad1 Nxd3 27. Rxd3 b4 28. Na4 Bxb2 {0-1 Krisztian,G (2105)-Bokros,A (2260) HUN-chT2 Hungary 1997 (9)}) ({RR} 14. Rac1 Nbd7 15. Rfd1 Ne5 ({RR} 15... Nc5 16. Qb1 ({RR} 16. Qf3 Qxf3 17. Nxf3 b5)) 16. Qb1 h5 17. h4 ({RR} 17. h3 h4 18. g4 Ng6 19. Nxe6) 17... Rfd8 18. a4 g6 ({RR} 18... d5 19. cxd5 Nxd5 20. Ne4) 19. Qa1 Bf8 20. a5 Bh6 21. Rb1 Nfg4 22. Bc1 Bg7 23. f3 Nf6 24. Bg5 Rd7 25. Kg2 Rc8 ({RR} 25... d5 26. Bxf6 Bxf6 27. cxd5 exd5 28. axb6 Qxb6 29. Qa4) 26. axb6 Qxb6 27. Be3 ({RR} 27. e4) 27... Qb7 28. Bg1 d5 {½-½ Stern,R (2335)-Vitolinsh,A (2425) Rostock-A 15th 1989 (8)}) 14... Qxf3 15. Nxf3 Nc6 16. Rfd1 Rfd8 17. Nd4 Na7 18. Rd2 Rab8 19. a4 d5 20. cxd5 Nxd5 21. Nxd5 Rxd5 22. Rc2 Bc5 23. e3 a5 24. Rac1 Rbd8 25. Kg2 h5 26. Bc3 R8d7 27. Nf3 Nc6 28. h4 e5 29. e4 Rd3 30. Ne1 Rd1 31. Kf1 Nb4 32. Ke2 R1d6 33. Bxb4 Bxb4 34. Nf3 f6 35. Rc6 Rd3 36. Rxb6 Rxb3 37. Rc2 Ra3 38. Nh2 Ra1 39. Kf3 Rxa4 40. g4 Ra3+ 41. Kg2 hxg4 42. Nxg4 Rd4 43. Rc8+ Kh7 44. Rb7 Rc3 45. Nxf6+ Kg6 46. Rxc3 Bxc3 47. Nd5 Bd2 48. Ne7+ Kf6 49. Nd5+ Ke6 50. f3 Bh6 51. Re7+ Kd6 52. Ra7 Rd2+ 53. Kh3 Ra2 54. Ne7 Bf4 55. Ng6 Bc1 56. Ra6+ Kc7 57. Nxe5 Kb7 58. Rg6 Bb2 59. Rxg7+ Ka6 60. Rg2 a4 61. Nc4 a3 62. Nxa3 Rxa3 63. Rxb2 Rxf3+ 64. Kg4 Re3 65. h5 Rxe4+ 66. Kf5 Rh4 67. Kg5 Rh1 68. Rg2 Kb6 69. h6 Kc6 70. Kg6 1-0

[Event "45th Olympiad 2024"]
[Site "Budapest HUN"]
[Date "2024.09.16"]
[Round "6.64"]
[Board "3"]
[White "Galvez Dastin, Eduardo"]
[Black "Mosa, Hamad"]
[Result "1-0"]
[WhiteElo "2100"]
[BlackElo "1721"]
[PlyCount "101"]
[EventDate "2024.09.11"]
[WhiteTeam "Guatemala"]
[BlackTeam "Bahrain"]
[WhiteTeamCountry "GUA"]
[BlackTeamCountry "BHN"]

1. d4 Nf6 2. c4 g6 3. Nc3 Bg7 4. e4 d6 5. Nf3 Nbd7 6. Be2 O-O 7. O-O c5 8. Re1 cxd4 ({RR} 8... a6 9. Bf1 b6 10. d5 Re8 11. h3 Bb7 12. Bf4 Nh5 13. Bh2 Ne5 14. Nxe5 dxe5 15. Rb1 Qd6 16. a3 Nf6 17. b4 Nd7 18. Na4 Rab8 19. bxc5 bxc5 20. Qd2 Qc7 21. f3 h5 22. Bg3 Kh7 23. Bf2 {1-0 Nanu,C (2515)-Garbea,B (2270) Eforie Nord op 2nd 2010 (6)}) 9. Nxd4 a6 ({RR} 9... Nc5 10. Bf1 Bd7 11. f3 a5 12. Be3 a4 13. Rb1 Qa5 14. Nd5 Nxd5 15. exd5 Rfe8 16. Kh1 Qc7 17. b4 axb3 18. axb3 Ra2 19. b4 Ba4 20. Nb5 Qd7 21. Qc1 Nb3 22. Qd1 Nd4 23. Qc1 Nxb5 24. cxb5 {0-1 Demina,M (1962)-Bashirli,S (1803) Titled Tue 5th Mar Early 2024 (7)}) 10. Be3 Ne5 11. h3 $146 ({RR} 11. f3 Bd7 12. Qd2 Rc8 13. b3 Qa5 14. Nd5 Qxd2 15. Nxe7+ Kh8 16. Bxd2 Rce8 17. Nd5 Nxd5 18. cxd5 Nd3 19. Bxd3 Bxd4+ 20. Kf1 Bxa1 21. Rxa1 Bb5 22. Bxb5 axb5 23. Bb4 Rd8 24. e5 Rfe8 25. exd6 Rd7 {1-0 Okamura,M (2089)-Passos Coutinho,E (1764) Rio de Janeiro Borensztajn op 3rd 2015 (2)}) 11... Bd7 12. f4 Nc6 13. Qd2 Qc7 14. Rac1 Qc8 15. Nd5 Qd8 16. Bf3 Rc8 17. Nxc6 bxc6 18. Bb6 Qe8 19. Nc7 Rxc7 20. Bxc7 Qc8 21. Ba5 c5 22. e5 Ne8 23. Bc3 Qb8 24. exd6 exd6 25. Red1 a5 26. Bxg7 Kxg7 27. Qxa5 Qxb2 28. Qc3+ Qxc3 29. Rxc3 Be6 30. a4 Nf6 31. Rxd6 Rb8 32. a5 Rb4 33. Ra3 Bxc4 34. a6 Bxa6 35. Rdxa6 Rxf4 36. Rc6 Nd7 37. Rc7 Ne5 38. Rxc5 Nxf3+ 39. Rxf3 Rxf3 40. gxf3 Kh6 41. Rc7 f6 42. Rf7 f5 43. Kg2 Kg5 44. Rxh7 Kf4 45. h4 g5 46. h5 g4 47. Rg7 gxf3+ 48. Kf2 Ke5 49. h6 Kf6 50. Rg8 Kf7 51. h7 1-0

[Event "45th Olympiad 2024"]
[Site "Budapest HUN"]
[Date "2024.09.16"]
[Round "6.64"]
[Board "4"]
[White "Shaker, Musab"]
[Black "Garcia Fuentes, Sergio Miguel"]
[Result "0-1"]
[WhiteElo "1757"]
[BlackElo "2114"]
[PlyCount "66"]
[EventDate "2024.09.11"]
[WhiteTeam "Bahrain"]
[BlackTeam "Guatemala"]
[WhiteTeamCountry "BHN"]
[BlackTeamCountry "GUA"]

1. d4 d5 2. c4 e6 3. Nc3 Nf6 4. cxd5 exd5 5. Bg5 c6 6. Qc2 Bd6 7. e3 O-O 8. Bd3 h6 9. Bh4 a5 ({RR} 9... Re8 10. Nge2 a5 11. h3 Na6 12. a3 Nc7 13. O-O Ne6 14. Bg3 b5 15. Bxd6 Qxd6 16. Ng3 g6 17. Rac1 Bd7 18. Nce2 b4 19. axb4 axb4 20. Qd2 h5 21. Rfe1 Ng5 22. Nf4 Ra5 23. Kh1 Rea8 24. Bb1 {0-1 Grischuk,A (2745)-Xiong,J (2688) Titled Tuesday intern op 14th Jun Early blitz 2022 (9)}) 10. Nf3 Re8 ({RR} 10... Na6 11. a3 Re8 12. Bg3 Nc7 13. Ne5 Ne6 14. Bh4 Be7 15. f4 c5 16. dxc5 Bxc5 17. Bxf6 gxf6 18. Nxf7 Kxf7 19. Bg6+ Kg7 20. Bxe8 Qxe8 21. Nxd5 Bd7 22. f5 Rc8 23. fxe6 Bb4+ 24. Nxb4 Rxc2 25. Nxc2 {0-1 Ezat,M (2323)-Asish Panda (1911) Titled Tue 16th Jul Early 2024 (5)}) 11. h3 g5 12. Bxg5 $146 ({RR} 12. Bg3 Bxg3 13. fxg3 Rxe3+ 14. Kd2 Re8 15. Rae1 Nbd7 16. Bg6 Nf8 17. Ne5 Nxg6 18. Nxg6 Ne4+ 19. Nxe4 Bf5 20. Nd6 Qxd6 21. Qxf5 fxg6 22. Qd3 Kg7 23. Rhf1 Qb4+ 24. Qc3 Qxc3+ 25. bxc3 a4 26. Rb1 b5 {0-1 Yannopapas,L (1508)-Van Dam,T (1873) Enschede op-A 2022 (9)}) 12... hxg5 13. Nxg5 Qe7 14. O-O-O Na6 15. Qe2 Nb4 16. Bb1 Ne4 17. Ncxe4 dxe4 18. Qh5 Bf5 19. Kd2 Bg6 20. Qg4 f5 21. Qh4 Kg7 22. Nf3 exf3 23. Qxe7+ Bxe7 24. gxf3 Bh4 25. Rh2 Rad8 26. Rg2 Kf6 27. Rdg1 Rg8 28. e4 Bf7 29. e5+ Ke6 30. a3 Nd5 31. Rg7 Bxf2 32. Bxf5+ Ke7 33. R1g2 Bxd4 0-1

[Event "45th Olympiad 2024"]
[Site "Budapest HUN"]
[Date "2024.09.16"]
[Round "6.65"]
[Board "1"]
[White "Anquandah, Francis Eric"]
[Black "Pace, Colin"]
[Result "0-1"]
[WhiteElo "1941"]
[BlackElo "2186"]
[PlyCount "98"]
[EventDate "2024.09.11"]
[WhiteTeam "Ghana"]
[BlackTeam "Malta"]
[WhiteTeamCountry "GHA"]
[BlackTeamCountry "MLT"]

1. e4 c5 2. Nf3 Nc6 3. d4 cxd4 4. Nxd4 g6 5. Nxc6 bxc6 6. Qd4 Nf6 7. e5 Nd5 8. Bc4 Qb6 9. Qxb6 Nxb6 10. Bd3 Bg7 11. f4 O-O 12. O-O d6 13. exd6 exd6 14. c3 $146 ({RR} 14. Nc3 f5 15. a4 Bd4+ 16. Kh1 Be6 17. Re1 Rfe8 18. Be3 Bf6 19. Bf2 Bxc3 20. bxc3 Nd5 21. g3 Nxc3 22. Kg1 Kf7 23. Bd4 Nd5 24. Rab1 c5 25. Ba1 Nb4 26. Bb5 Re7 27. Bd3 a5 28. Red1 c4 {0-1 Chernyak,V (1862)-Juknis,P (2156) Baltija Cup Palanga 2012 (5)}) 14... Nd7 15. Be3 Re8 16. Kf2 Nf6 17. h3 Nd5 18. Bc1 Bh6 19. g3 Bg7 20. Rh1 Be6 21. Nd2 Nxc3 22. bxc3 Bxc3 23. Rb1 Bxa2 24. Rb7 Bd4+ 25. Kg2 Bd5+ 26. Nf3 a5 27. Rd1 c5 28. Rd7 Bb3 29. Re1 Rxe1 30. Nxe1 a4 31. Ba3 Re8 32. Kf1 Be6 33. Rxd6 Bxh3+ 34. Ng2 Re3 35. Rd5 Rf3+ 36. Ke2 Bxg2 37. Rd8+ Kg7 38. Rc8 Rxg3 39. Bxc5 Bxc5 40. Rxc5 Bf1+ 41. Kxf1 Rxd3 42. Ke2 Rb3 43. Ra5 a3 44. Kd2 h5 45. Kc2 Rf3 46. Ra4 h4 47. f5 h3 48. Rg4 Rf2+ 49. Kb1 h2 0-1

[Event "45th Olympiad 2024"]
[Site "Budapest HUN"]
[Date "2024.09.16"]
[Round "6.65"]
[Board "2"]
[White "Darmanin, Jake"]
[Black "Anhwere, Bernard"]
[Result "1/2-1/2"]
[WhiteElo "2119"]
[BlackElo "1893"]
[PlyCount "112"]
[EventDate "2024.09.11"]
[WhiteTeam "Malta"]
[BlackTeam "Ghana"]
[WhiteTeamCountry "MLT"]
[BlackTeamCountry "GHA"]

1. e4 c5 2. Nf3 d6 3. c3 Nf6 4. h3 g6 5. Bd3 Bg7 6. Bc2 O-O 7. O-O e5 8. d3 h6 ({RR} 8... Nc6 9. Bg5 h6 10. Bxf6 Bxf6 11. Nbd2 Bg7 12. a3 d5 13. b4 cxb4 14. axb4 d4 15. cxd4 Nxd4 16. Nxd4 Qxd4 17. Rb1 Be6 18. Nf3 Qb6 19. Bb3 Rfd8 20. b5 Rac8 21. Bxe6 Qxe6 22. Qa4 Qb6 23. Rfd1 {1-0 Martinez Alcantara,J (2611)-Nepomniachtchi,I (2771) Titled Tue 12th Dec Early 2023 (9)}) 9. Nbd2 Be6 $146 ({RR} 9... Nc6 10. a3 Rb8 11. b4 cxb4 12. axb4 b5 13. Nb3 Re8 14. Be3 a6 15. Re1 Ra8 16. Qd2 Kh7 17. Rad1 a5 18. bxa5 Nxa5 19. Rb1 Be6 20. Nc1 Bd7 21. Ne2 Qc7 22. Rec1 d5 23. Ng3 dxe4 24. dxe4 {1-0 Martinez Alcantara,J (2612)-Vasquez Schroeder,R (2475) Titled Tue 18th Jun Late 2024 (4)}) 10. Qe2 Nc6 11. Rd1 b5 12. Nf1 a6 13. Ng3 Qc7 14. Be3 Nd7 15. Qd2 Kh7 16. Rac1 Nb6 17. Bb1 Qe7 18. b3 b4 19. cxb4 Nxb4 20. a3 Nc6 21. b4 Nd4 22. Bxd4 cxd4 23. Rc6 Na4 24. Ne2 Qd7 25. Rcc1 f6 26. Ba2 Bxa2 27. Qxa2 Rfc8 28. Qb3 h5 29. Nd2 Bh6 30. Rxc8 Rxc8 31. Nc4 Bf8 32. f4 Rc7 33. Rf1 Kg7 34. Rf3 Qb5 35. h4 Nc5 36. Qd1 Nxe4 37. fxe5 dxe5 38. Qf1 Rxc4 39. dxc4 Qxc4 40. Ng3 Qxf1+ 41. Nxf1 Nc3 42. Kf2 e4 43. Rxc3 dxc3 44. Ne3 a5 45. bxa5 Bxa3 46. a6 Bc5 47. Ke2 Kf7 48. Nd5 Ke6 49. Nxc3 Ke5 50. g3 g5 51. hxg5 fxg5 52. Nd1 h4 53. gxh4 gxh4 54. Nf2 Kf5 55. Kf1 e3 56. Nd1 Kf4 1/2-1/2

[Event "45th Olympiad 2024"]
[Site "Budapest HUN"]
[Date "2024.09.16"]
[Round "6.65"]
[Board "3"]
[White "Fomevor, Cephas Clinton"]
[Black "Novak, Attila Robert"]
[Result "0-1"]
[WhiteElo "1873"]
[BlackElo "2135"]
[PlyCount "66"]
[EventDate "2024.09.11"]
[WhiteTeam "Ghana"]
[BlackTeam "Malta"]
[WhiteTeamCountry "GHA"]
[BlackTeamCountry "MLT"]

1. d4 {Yermolinsky,Alex} d5 2. c4 dxc4 3. e3 ({RR} 3. e4) 3... a6 4. Bxc4 e6 5. Nf3 c5 6. O-O Nf6 7. Qc2 ({RR} 7. Be2 Nbd7 ({RR} 7... cxd4 8. exd4 Nc6 9. Nc3 Be7 10. Be3 Ng4 ({RR} 10... O-O 11. Ne5) 11. Bf4 Nf6) 8. Nc3 b6 ({RR} 8... b5 9. e4 b4 10. e5 bxc3 11. exf6 Nxf6 ({RR} 11... cxb2 12. fxg7 bxa1=Q 13. gxh8=Q) 12. bxc3) 9. e4 cxd4 10. Nxd4 Bb7 11. Be3 ({RR} 11. f3 Qb8 12. Be3 Bd6 13. g3 h5) 11... Bc5 ({RR} 11... Nxe4 12. Nxe4 Bxe4 13. Bf3 Bxf3 14. Qxf3 Bc5) 12. f3 O-O 13. Qe1 ({RR} 13. Qd2 Rc8 14. Na4 Be7 15. b4 b5 16. Nb2) 13... Rc8 14. Qf2 b5 15. Rac1 Qe7 16. a4 ({RR} 16. Nb3 Bxe3 17. Qxe3) 16... bxa4 17. Nxa4 Bd6 ({RR} 17... Ba7 18. Nf5 exf5 19. Bxa7 fxe4) 18. Nb3 Bc6 19. Nc3 Rb8 20. Na5 Ba8 21. Nc4 Bc5 {½-½ Carlsen,M (2837)-Caruana,F (2799) London Classic 9th 2017 (1)}) 7... b5 8. Be2 Nbd7 9. Rd1 $146 ({RR} 9. a4 bxa4 10. Nc3 Bb7 11. Rd1 cxd4 12. Nxd4 Qc7 13. Rxa4 Nb6 14. Ra1 Bd6 15. h3 O-O 16. Bd2 Rfc8 17. Qb3 e5 18. Nf5 Bc5 19. Be1 g6 20. Ng3 h5 21. Rac1 h4 22. Nf1 Qc6 23. Bf3 e4 {1-0 Hickl,J (2370)-Mandl,R Bundesliga 1985/86 (11.6)}) ({RR} 9. a4 Bb7 10. Nbd2 Qb6 11. axb5 axb5 12. Rxa8+ Bxa8 13. Qb3 c4 14. Qc2 Bb4 15. Rd1 O-O 16. e4 e5 17. Nxe5 Nxe5 18. dxe5 Nd7 19. Nf3 Qe6 20. Bf4 Re8 21. Nd4 Qb6 22. Be3 Bc5 23. Nf5 Nxe5 {1-0 Liang,J (2092)-Donskov,A (2279) Titled Tue 17th Jan Late 2023 (6)}) ({RR} 9. a4 Rb8 10. Rd1 Qc7 11. Bd2 b4 12. b3 a5 13. Bc1 Be7 14. Bb2 O-O 15. Nbd2 Nd5 16. Rac1 Bf6 17. Ne4 Be7 18. dxc5 f5 19. Neg5 N7f6 20. Be5 Qa7 21. Bxb8 Qxb8 22. Nd4 Ng4 23. Bxg4 Bxg5 {1-0 Brokalakis Gounaris,C (1791)-Kotsinis,A (1370) Heraklion op 21st 2017 (3)}) ({RR} 9. Nbd2 Bb7 10. b3 Rc8 11. Qb1 Be7 12. Bb2 O-O 13. Qd3 Qc7 14. Rac1 Qb8 15. Qb1 Rfd8 16. Rfd1 Qa8 17. Bd3 h6 18. Ne1 cxd4 19. Bxd4 Nc5 20. Be2 Nce4 21. Rxc8 Rxc8 22. Nxe4 Nxe4 23. Qb2 Bf8 {½-½ Krmelj,N (2130)-Grinfeld,A (2230) Nova Gorica (Women) 1992}) 9... Bb7 10. a3 Rc8 11. dxc5 Bxc5 12. Qd2 Ne4 13. Qe1 Qf6 14. Nbd2 Nb6 15. Nb3 Be7 16. Nbd4 O-O 17. Nd2 e5 18. N4f3 Na4 19. Bd3 Nec5 20. Bc2 Rfd8 21. e4 Nd3 22. Bxd3 Rxd3 23. Qe2 Rcd8 24. Ne1 R3d7 25. Nc2 Nc5 26. Rf1 Qg6 27. f3 Bg5 28. Ne3 Qb6 29. Kh1 Nd3 30. Nd5 Bxd5 31. Nc4 Bxc4 32. Bxg5 f6 33. Be3 Qe6 0-1

[Event "45th Olympiad 2024"]
[Site "Budapest HUN"]
[Date "2024.09.16"]
[Round "6.65"]
[Board "4"]
[White "Mizzi, Jack"]
[Black "Frempong-Smart Daniel"]
[Result "1/2-1/2"]
[WhiteElo "2053"]
[BlackElo "1863"]
[PlyCount "154"]
[EventDate "2024.09.11"]
[WhiteTeam "Malta"]
[BlackTeam "Ghana"]
[WhiteTeamCountry "MLT"]
[BlackTeamCountry "GHA"]

1. d4 d5 2. c4 c6 3. Nf3 Nf6 4. Nc3 a6 5. e3 b5 6. b3 Bg4 7. Be2 e6 8. Bd2 ({RR} 8. h3 Bh5 9. g4 Bg6 10. Ne5 Nfd7 11. Nxg6 hxg6 12. Qc2 Be7 13. Bb2 Nf6 14. O-O-O Nbd7 15. c5 Qc7 16. h4 a5 17. g5 Nh5 18. Bg4 Nf8 19. Rdg1 O-O-O 20. Ne2 f5 21. gxf6 gxf6 22. Bxh5 gxh5 {½-½ Topalov,V (2813)-Wang,Y (2736) Nanjing Pearl Spring 2nd 2009 (5)}) ({RR} 8. h3 Bh5 9. g4 Bg6 10. Ne5 Nfd7 11. cxd5 Nxe5 12. dxe5 cxd5 13. h4 h5 14. gxh5 Bf5 15. a4 Bb4 16. Bd2 Nc6 17. axb5 Nxe5 18. bxa6 Nd3+ 19. Kf1 Qf6 20. Qe1 {0-1 Kargosha,B (2028)-Lehtosaari,M (2142) Titled Tue 27th Feb Late 2024 (7)}) 8... Bd6 9. Qc2 $146 ({RR} 9. h3 Bxf3 10. Bxf3 Qe7 11. Rc1 O-O 12. O-O e5 13. dxe5 Qxe5 14. g3 Nbd7 15. cxd5 cxd5 16. Ne2 h5 17. Bc3 Qf5 18. Bg2 h4 19. Nd4 Qg6 20. g4 Ne4 21. Nf5 Nxc3 22. Rxc3 Qf6 23. Rc6 g6 {1-0 Huang,M (1919)-Beinenson,K (1999) Wch U14 Girls 2012 (6.4)}) ({RR} 9. Ne5 Bxe2 10. Qxe2 O-O 11. O-O Bxe5 12. dxe5 Nfd7 13. f4 Nb6 14. cxd5 cxd5 15. Rac1 Qd7 16. Qd3 Rc8 17. Ne2 Nc6 18. Bc3 Rc7 19. Bd4 Nxd4 20. Qxd4 Rc6 21. Rxc6 Qxc6 22. Rc1 Qb7 23. Kf2 h6 {½-½ Sorokina,T (2156)-Egorova,V (2207) Novokuznetsk (Women) 10th 2007 (8)}) 9... Nbd7 10. h3 Bf5 11. Bd3 b4 12. Na4 Ne4 13. c5 Nxd2 14. Qxd2 Bxd3 15. cxd6 Bb5 16. Nc5 a5 17. a4 Nxc5 18. dxc5 Ba6 19. Ne5 Bb7 20. O-O f6 21. Nf3 O-O 22. Rfe1 e5 23. e4 d4 24. Nh4 g6 25. f4 Qd7 26. fxe5 fxe5 27. Qg5 Qg7 28. Nf3 Rae8 29. Rad1 Bc8 30. Qg3 Qf6 31. Kh2 Qf4 32. Qxf4 Rxf4 33. Kg3 Rf6 34. h4 h6 35. Rf1 Kg7 36. Nh2 Ref8 37. Rxf6 Rxf6 38. Nf3 Rf4 39. Nxe5 Rxe4 40. d7 Re3+ 41. Kh2 Bxd7 42. Nxd7 Rxb3 43. Rxd4 Ra3 44. Ne5 b3 45. Rd7+ Kf6 46. Nxc6 Rxa4 47. Rb7 Rxh4+ 48. Kg3 Rc4 49. Nxa5 Rxc5 50. Nxb3 Rc3+ 51. Kh2 Rc6 52. Nd4 Rd6 53. Nf3 h5 54. Rb5 Ra6 55. Rc5 Rb6 56. Nd4 Ra6 57. Rc6+ Rxc6 58. Nxc6 g5 59. Kg3 Kf5 60. Nd4+ Ke4 61. Nf3 Kf5 62. Kf2 Kf4 63. Nd4 h4 64. Ne2+ Ke4 65. Kg1 Ke3 66. Nc3 g4 67. Kh2 Kf4 68. Nd5+ Ke5 69. Ne3 Kf4 70. Nf1 Ke4 71. Nd2+ Kf4 72. Nc4 Ke4 73. Kg1 Kd4 74. Nd2 Kd3 75. Nb3 Ke3 76. Na5 Kf4 77. Nc4 h3 1/2-1/2

[Event "45th Olympiad 2024"]
[Site "Budapest HUN"]
[Date "2024.09.16"]
[Round "6.66"]
[Board "1"]
[White "Asante Debesai Zerabruk"]
[Black "Isaakidis, Alexandros"]
[Result "0-1"]
[WhiteElo "1908"]
[BlackElo "2155"]
[PlyCount "92"]
[EventDate "2024.09.11"]
[WhiteTeam "Eritrea"]
[BlackTeam "Cyprus"]
[WhiteTeamCountry "ERI"]
[BlackTeamCountry "CYP"]

1. e4 c6 2. d4 d5 3. Nc3 dxe4 4. Nxe4 Nf6 5. Nxf6+ exf6 6. Nf3 Bd6 7. Be2 O-O 8. O-O Re8 9. h3 Nd7 ({RR} 9... Bf5 10. Bd3 Qd7 11. Bxf5 Qxf5 12. c4 Na6 13. Qb3 b6 14. Bd2 Nc7 15. Rfe1 g5 16. Rxe8+ Rxe8 17. Qa4 b5 18. Qxa7 bxc4 19. Qa4 Qb5 20. Qc2 Rb8 21. Rc1 Nd5 22. Qxc4 Qxc4 23. Rxc4 Rxb2 24. Rxc6 {½-½ Karjakin,S (2772)-Eljanov,P (2702) FIDE World Cup 2013 (3.1)}) 10. c4 f5 $146 ({RR} 10... Nf8 11. Be3 Ng6 12. d5 cxd5 13. Qxd5 Nf4 14. Bxf4 Bxf4 15. Qxd8 Rxd8 16. Rad1 Bf5 17. Nd4 Be4 18. Bf3 Bxf3 19. Nxf3 Kf8 20. Rfe1 Bc7 21. Kf1 Ba5 22. Rxd8+ Rxd8 23. Rc1 Ke7 24. Ke2 Rd7 25. c5 {1-0 Magalashvili,D (2456)-Caglar,S (2133) Marmaris Karya 19th 2022 (4.1)}) ({RR} 10... Nf8 11. Bd3 Ng6 12. Re1 Be6 13. Be3 Qd7 14. Bf1 Rad8 15. Qc2 Bb8 16. Rad1 Qc7 17. g3 h5 18. h4 Bg4 19. Bg2 f5 20. Bg5 f6 21. Bc1 Nf8 22. Qd3 Ne6 23. d5 cxd5 24. cxd5 Nc5 25. Qc4 {0-1 Martinez Alcantara,J (2612)-Sevian,S (2687) Bullet Chess Losers 2024 (4.19)}) ({RR} 10... Nf8 11. Re1 Bc7 12. Bd2 a5 13. Bc3 Ng6 14. Qc2 Be6 15. Bd3 Qd7 16. h4 Bg4 17. Bxg6 hxg6 18. Nh2 Bf5 19. Qd2 Qd6 20. Nf1 b6 21. b4 axb4 22. Bxb4 Qf4 23. Qxf4 Bxf4 24. g3 Bc7 25. Ne3 {0-1 Al Ghareeb,S-Alenezi,H (1424) KUW-ch Kuwait 2022 (2)}) ({RR} 10... Nf8 11. Be3 Ng6 12. Re1 Bd7 13. Bf1 Qc7 14. a3 Rad8 15. Rc1 Bf4 16. b4 Bf5 17. Qb3 a6 18. b5 axb5 19. cxb5 Be4 20. Nd2 Bd5 21. Bc4 Bxe3 22. fxe3 Bxc4 23. Qxc4 Qg3 24. Nf1 Qd6 25. bxc6 {½-½ Tokhirjonova,G (2320)-Ozen,B (2369) Titled Tuesday intern op 03rd Aug blitz 2021 (4)}) 11. Qc2 Nf6 12. Bg5 h6 13. Bxf6 Qxf6 14. Rad1 g5 15. c5 Bc7 16. Nh2 Be6 17. Bc4 Rad8 18. Qc3 Bxc4 19. Qxc4 Re4 20. Qb3 b6 21. cxb6 Bxb6 22. d5 cxd5 23. Rxd5 Rxd5 24. Qxd5 Re2 25. b4 Qe6 26. Qd3 Rxa2 27. Nf3 Qe2 28. Qxe2 Rxe2 29. Rc1 Rxf2 30. Kh2 Rb2 31. Rc4 f4 32. Re4 f6 33. Rc4 h5 34. Re4 f5 35. Re5 Bf2 36. Rxf5 Bg3+ 37. Kh1 Rb1+ 38. Ng1 Bf2 39. Rxg5+ Kh7 40. Rf5 h4 41. Rxf4 Rxg1+ 42. Kh2 Bg3+ 43. Kxg1 Bxf4 44. b5 Kg6 45. Kf2 Kf5 46. Kf3 Bg3 0-1

[Event "45th Olympiad 2024"]
[Site "Budapest HUN"]
[Date "2024.09.16"]
[Round "6.66"]
[Board "2"]
[White "Antoniou, Rafail"]
[Black "Weldegebriel Beraki, Kibrom"]
[Result "1-0"]
[WhiteElo "2007"]
[BlackElo "1885"]
[PlyCount "151"]
[EventDate "2024.09.11"]
[WhiteTeam "Cyprus"]
[BlackTeam "Eritrea"]
[WhiteTeamCountry "CYP"]
[BlackTeamCountry "ERI"]

1. c4 Nf6 2. Nf3 e6 3. g3 d5 4. Bg2 c6 5. b3 Bd6 6. Bb2 Nbd7 7. d4 O-O 8. O-O Ne4 9. Nbd2 f5 10. Ne1 Nxd2 11. Qxd2 Nf6 12. Nd3 Qe7 13. f3 b6 $146 ({RR} 13... Bd7 14. Ne5 Be8 15. Rae1 Rd8 16. c5 Bc7 17. b4 Nd7 18. Nd3 e5 19. dxe5 Nxe5 20. Bd4 Nc4 21. Qc1 Bf7 22. Qc3 Be6 23. e4 fxe4 24. fxe4 Rxf1+ 25. Bxf1 Qf7 26. e5 Rf8 27. Nf4 g5 28. Nxe6 {½-½ Eidelmann,V (2047)-Van Oosten,A (2155) EU-ch Seniors 07th 2007 (7)}) 14. Rac1 Bd7 15. c5 bxc5 16. dxc5 Bc7 17. Be5 Rfc8 18. Qf4 Bxe5 19. Qxe5 Be8 20. e4 Nd7 21. Qd6 Qf6 22. exf5 exf5 23. Rfe1 Qxd6 24. cxd6 Rab8 25. Re7 g6 26. g4 Rd8 27. Rxc6 Nf8 28. Ra6 Bb5 29. Nc5 Bxa6 30. Nxa6 Rb6 31. Rxa7 Rdxd6 32. Nc5 Rdc6 33. Ra5 d4 34. Bf1 Kg7 35. gxf5 gxf5 36. Bd3 f4 37. Be4 Rd6 38. Nd3 Ng6 39. Rc5 Rb8 40. Rc7+ Kh6 41. Nf2 Nf8 42. Kg2 Rbd8 43. Nd3 Ng6 44. a4 Ra6 45. Nc5 Rad6 46. Nd3 Ra6 47. Kf2 Ra5 48. Rc5 Rxc5 49. Nxc5 Ne5 50. Ke2 Rg8 51. a5 Rg2+ 52. Kd1 Rxh2 53. a6 Ra2 54. Na4 d3 55. a7 Ra1+ 56. Kd2 Ra2+ 57. Kc3 Rc2+ 58. Kd4 Rc8 59. a8=Q d2 60. Nb2 Rxa8 61. Bxa8 Nd7 62. Kc3 Kg5 63. Kxd2 Kh4 64. Nd1 Kg3 65. Nc3 Ne5 66. Ne2+ Kf2 67. Nxf4 Nxf3+ 68. Bxf3 Kxf3 69. Nh5 h6 70. b4 Kg4 71. b5 Kxh5 72. b6 Kg4 73. b7 h5 74. b8=Q Kh3 75. Qf4 h4 76. Ke2 1-0

[Event "45th Olympiad 2024"]
[Site "Budapest HUN"]
[Date "2024.09.16"]
[Round "6.66"]
[Board "3"]
[White "Lilay Weldu Gebru"]
[Black "Savva, Panikos"]
[Result "0-1"]
[WhiteElo "1977"]
[BlackElo "1973"]
[PlyCount "112"]
[EventDate "2024.09.11"]
[WhiteTeam "Eritrea"]
[BlackTeam "Cyprus"]
[WhiteTeamCountry "ERI"]
[BlackTeamCountry "CYP"]

1. e4 c5 2. Nf3 e6 3. Nc3 Nc6 4. d4 cxd4 5. Nxd4 Qc7 6. Be3 a6 7. a3 Nf6 8. Be2 Be7 9. Qd2 Ne5 ({RR} 9... b5 10. Nxc6 dxc6 11. f4 Bb7 12. e5 Rd8 13. Bd3 Ng4 14. Qe2 Nxe3 15. Qxe3 c5 16. Be4 O-O 17. Qf3 Bxe4 18. Nxe4 Qa5+ 19. Ke2 Rd4 20. Rhd1 Qa4 21. b3 Qa5 22. Rxd4 cxd4 23. Qd3 Qc7 24. a4 {0-1 Handke,F (2471)-Delchev,A (2557) Andorra op 20th 2002 (3)}) ({RR} 9... b5 10. O-O-O O-O 11. Nxc6 dxc6 12. f3 Rd8 13. Bd3 c5 14. Qf2 Rb8 15. g4 c4 16. Be2 e5 17. g5 Nh5 18. Nd5 Qb7 19. f4 Nxf4 20. Bxf4 exf4 21. Qxf4 Be6 22. Rhf1 Bxd5 23. Rxd5 Bf8 24. Rfd1 {½-½ Fernandini,F (1451)-Kikuchi,A 9th Floripa Open 2023 (3.207)}) 10. Bf4 d6 11. O-O O-O 12. h3 $146 ({RR} 12. Bg3 b5 13. f4 Nc4 14. Bxc4 Qxc4 15. Qd3 Bb7 16. Qxc4 bxc4 17. Rfe1 Nh5 18. Nde2 Nxg3 19. Nxg3 Bc6 20. Rab1 Rab8 21. Nf1 d5 22. exd5 Bc5+ 23. Kh1 exd5 24. Ng3 Rfe8 25. Nce2 h5 26. h4 d4 {0-1 Schmieja,N (1760)-Foermes,A (2081) Giessen-ch 2008 (7)}) 12... Nc4 13. Bxc4 Qxc4 14. e5 dxe5 15. Bxe5 b5 16. Qg5 Bb7 17. Rad1 h6 18. Qg3 Nh5 19. Qg4 Nf6 20. Qg3 Nh5 21. Qe3 Rfd8 22. Qe2 Qxe2 23. Ndxe2 Rac8 24. Rxd8+ Rxd8 25. Rd1 Rxd1+ 26. Nxd1 Nf6 27. c3 Ne4 28. Ne3 f6 29. Bd4 Kf7 30. Kf1 e5 31. Bb6 Ke6 32. f4 g6 33. g4 Bc6 34. Ke1 Bc5 35. Bxc5 Nxc5 36. f5+ gxf5 37. gxf5+ Kf7 38. b4 Ne4 39. h4 Nd6 40. Ng3 Ke7 41. Ke2 Ne4 42. Nxe4 Bxe4 43. h5 Kf7 44. Kf2 Kg7 45. Kg3 Kf7 46. Kg4 Ke7 47. c4 bxc4 48. Nxc4 Bd3 49. Ne3 Be2+ 50. Kh4 Kd6 51. Ng4 Bxg4 52. Kxg4 Kd5 53. Kf3 Kd4 54. a4 Kc4 55. b5 axb5 56. axb5 Kxb5 0-1